Financial Economics and Econometrics

Enregistré dans:
Détails bibliographiques
Auteur principal: Laopodis, Nikiforos T.
Format: Livre
Langue:anglais
Publié: Abingdon Routledge 2022
Édition:1st Edition
Sujets:
Tags: Ajouter un tag
Pas de tags, Soyez le premier à ajouter un tag!

MARC

LEADER 00000nam a2200000 4500
001 0313210
005 20251215104313.1
020 |a 978-1-032-07018-6 
020 |a 978-1-032-07017-9 
041 0 |a eng 
044 |a GB 
245 1 0 |a Financial Economics and Econometrics  |c Nikiforos T. Laopodis 
250 |a 1st Edition 
264 1 |a Abingdon  |b Routledge  |c 2022 
300 |a 729 s. 
610 2 0 |a ekonometria 
610 2 0 |a modely ekonometrické 
610 2 0 |a financie 
100 1 |a Laopodis, Nikiforos T.